The Origin of the galaxy and local group (Record no. 18987)

MARC details
000 -LEADER
fixed length control field 00711nam a2200229Ia 4500
003 - CONTROL NUMBER IDENTIFIER
control field IN-BaIIA
008 - FIXED-LENGTH DATA ELEMENTS--GENERAL INFORMATION
fixed length control field 211028s9999 xx 000 0 eng d
020 ## - INTERNATIONAL STANDARD BOOK NUMBER
International Standard Book Number 978-3-642-41719-1
040 ## - CATALOGING SOURCE
Transcribing agency IIA Library
080 ## - UNIVERSAL DECIMAL CLASSIFICATION NUMBER
Universal Decimal Classification number 524.6-52
Item number BLA
100 ## - MAIN ENTRY--PERSONAL NAME
Personal name Bland-Hawthorn, Joss
9 (RLIN) 36244
245 #4 - TITLE STATEMENT
Title The Origin of the galaxy and local group
Statement of responsibility, etc. Joss Bland-Hawthorn, K. Freeman and F. Matteucci
260 ## - PUBLICATION, DISTRIBUTION, ETC.
Place of publication, distribution, etc. Heidelberg
Name of publisher, distributor, etc. Springer
Date of publication, distribution, etc. 2014
300 ## - PHYSICAL DESCRIPTION
Extent ix, 231p.
490 ## - SERIES STATEMENT
Series statement Saas-Fee advanced course; v. 37
650 ## - SUBJECT ADDED ENTRY--TOPICAL TERM
Topical term or geographic name entry element Galaxies - Evolutio
9 (RLIN) 36245
650 ## - SUBJECT ADDED ENTRY--TOPICAL TERM
Topical term or geographic name entry element Galaxies - Formation
9 (RLIN) 20088
650 ## - SUBJECT ADDED ENTRY--TOPICAL TERM
Topical term or geographic name entry element Milky Way
9 (RLIN) 6712
700 ## - ADDED ENTRY--PERSONAL NAME
Personal name Freeman, Kenneth
9 (RLIN) 36246
700 ## - ADDED ENTRY--PERSONAL NAME
Personal name Matteucci, Francesca
9 (RLIN) 25848
942 ## - ADDED ENTRY ELEMENTS (KOHA)
Koha item type Books
Holdings
Withdrawn status Lost status Damaged status Not for loan Home library Current library Shelving location Date acquired Source of acquisition Cost, normal purchase price Total Checkouts Full call number Barcode Date last seen Date last checked out Cost, replacement price Price effective from Koha item type Purchase Price
        IIA Library-Bangalore IIA Library-Bangalore General Stacks 16/03/2015 AMA 2321.00 1 524.6-52/ BLA 19909 30/09/2022 08/12/2021 2321.00 16/03/2015 Books Rs. 2321.00

Powered by Koha